00515nam a22001577a 450000500170000001000120001702000260002903700140005508200080006924501120007725000060018926000470019527000710024230000200031370000240033320260228175846.0 aBACEN26 a9788198383112c540.00 bAksharesh a320 aPolitical Science & International Relations:cedited by N.N. OjhabIAS Mains PYQ Solved Papers 2011-2024 / a1 aNoidabChronicle Publication (P) Ltdc2025 aA-1D, Sector 16, NoidabNoida (UP)e201301minfo@chronicleindia.in a392p.c27cm(Pb) aOjha, N. N.eEditor